000 00924cam a2200265 a 4500
001 12185490
003 ARRUPE
005 20130916171438.0
008 000926s1998 nyua 001 0 eng
010 _a 00708538
020 _a0760708428 (casebound)
020 _a0760708436 (paperback)
040 _aDLC
_cDLC
_dDLC
050 0 0 _aPA2087.5
_b.J66 1998
082 0 _a478.2/421
_221
100 1 _aJones, Peter
_9167
245 1 0 _aLearn Latin :
_cPeter Jones.
260 _aNew York :
_bBarnes & Noble Books,
_c1998.
300 _a176 p. ;
_c22 cm.
650 0 _aLatin language
_xGrammar
_vProblems, exercises, etc.
_9168
650 0 _aLatin language
_xReaders.
_9169
906 _a7
_bcbc
_corignew
_d3
_encip
_f20
_gy-gencatlg
942 _2lcc
_cMONOGRAPH
999 _c117789
_d117789